| 000 | 00898nam a2200289 4500 | ||
|---|---|---|---|
| 001 | 29266 | ||
| 003 | BD-RjUL | ||
| 005 | 20211209051406.0 | ||
| 008 | 710414s19711977E ab b 001 0 eng d | ||
| 020 | _a0138240868 | ||
| 035 | _a(BD-RjUL)29351 | ||
| 040 |
_aDLC _cDLC _dBD-RjUL _beng |
||
| 041 | _aeng | ||
| 082 | 0 | 0 |
_a910.09 _bABS 1977 |
| 100 | 1 |
_aAbler, Ronald. _989328 |
|
| 245 | 1 | 0 |
_aSpatial organization; _bthe geographer's view of the world _cRonald Abler, John S. Adams [and] Peter Gould. |
| 260 |
_aEnglewood Cliffs, N.J.: _bPrentice-Hall; _cc1971[1977] |
||
| 300 |
_axix, 222 p. _bill., maps. _c24 cm. |
||
| 350 | _a$10.95 | ||
| 504 | _aIncludes bibliographies. | ||
| 650 | 0 |
_aGeography. _989329 |
|
| 700 | 1 |
_aAdams, John S., _d1938- _ejoint author. _989330 |
|
| 700 | 1 |
_aGould, Peter, _d1932- _ejoint author. _966618 |
|
| 942 |
_2ddc _cBK |
||
| 999 |
_c29266 _d29266 |
||